Haikyuu!! Anime Quiz: Karasuno's Road to Victory - Statistics

General Stats
  • This quiz has been taken 798 times
  • The average score is 4 of 11
Answer Stats
Hint Answer % Correct
Rivals Nekoma High
83%
Setter: Great King Aoba Johsai High
67%
Aone Date Tech High
66%
Only team they face twice in first season Aoba Johsai High
48%
#1 in Miyagi Prefecture Shiratorizawa Academy
42%
"Simplicity and Fortitude" Johzenji High
28%
Revenge-match Aoba Johsai High
21%
Daichi's former classmate Tokonami High
18%
"Pineapple Head" / Has large family in the crowd Wakutani South High
9%
Green and yellow jersey, 2 meter player Kakugawa High
7%
Dark blue and white jersey Ougiminami High
4%
No matching quizzes found
Score Distribution
Percent of People with Each Score
Percentile by Number Answered
Your Score History
You have not taken this quiz